Science Quiz

Random Science or Geology Quiz
Score 0/21 Timer 10:00
0 Plays Today
% Correct
Precambrian
90.9%
Archean
88.6%
Hadean
86.4%
Neoarchean
84.1%
Mesoarchean
84.1%
Palaeoarchean
84.1%
Eoarchean
84.1%
Neo-Proterozoic
81.8%
Cryogenian
81.8%
Meso-proterozoic
81.8%
Palaeoproterozoic
81.8%
% Correct
Proterozoic
77.3%
Ectasian
72.7%
Tonian
70.5%
Ediacaran
68.2%
Stenian
65.9%
Calymmian
61.4%
Rhyacian
61.4%
Orosirian
59.1%
Statherian
56.8%
Siderian
56.8%
Remove Ads.
Support Sporcle.
Get the best of Sporcle when you Go Orange. This ad-free experience offers more features, more stats, and more fun while also helping to support Sporcle. Thank you for becoming a member.

You're not logged in!

Compare scores with friends on all Sporcle quizzes.
OR
Log In

Show Comments

Extras

Created Nov 19, 2010ReportNominate
Tags:Geology Quiz

Top Quizzes Today


Score Distribution

Your Account Isn't Verified!

In order to create a playlist on Sporcle, you need to verify the email address you used during registration. Go to your Sporcle Settings to finish the process.

Report this User

Report this user for behavior that violates our Community Guidelines.

Details: